[Event "Mem Vinas 15th B"]
[Site "Mataro"]
[Date "2019.06.22"]
[Round "7.13"]
[White "Jeggle Soler, Carles"]
[Black "Villar Sanchez, Borja"]
[Result "1-0"]
[WhiteElo "1219"]
[BlackElo "1189"]
[PlyCount "29"]
[EventDate "2019.05.04"]
[EventType "swiss"]
[EventRounds "8"]
[EventCountry "ESP"]
[SourceTitle "EXT 2024"]
[Source "ChessBase"]
[SourceDate "2023.10.10"]
[SourceVersion "1"]
[SourceVersionDate "2023.10.10"]
[SourceQuality "1"]

1. e4 Nc6 2. Nf3 b6 3. d4 e6 4. a3 Nf6 5. Bg5 Be7 6. Nc3 d5 7. Bb5 Bb7 8. Ne5 0-0 9. Bxc6 Bxc6 10. Nxc6 Qd6 11. Nxe7+ Qxe7 12. e5 h6 13. exf6 gxf6 14. Bxh6 Rfe8 15. Qg4+ 1-0

[Event "Maresme op 14th"]
[Site "Maresme"]
[Date "2017.10.07"]
[Round "2"]
[White "Jeggle Soler, Carles"]
[Black "Rocamora Martinez, Didac"]
[Result "0-1"]
[WhiteElo "1292"]
[BlackElo "1511"]
[PlyCount "128"]
[EventDate "2017.09.30"]
[EventType "swiss"]
[EventRounds "9"]
[EventCountry "ESP"]
[SourceTitle "CBM 181 Extra"]
[Source "ChessBase"]
[SourceDate "2017.12.12"]
[SourceVersion "1"]
[SourceVersionDate "2017.12.12"]
[SourceQuality "1"]

1. d4 d5 2. c4 dxc4 3. Nc3 Nc6 4. e3 e5 5. Bxc4 exd4 6. Nd5 Be6 7. e4 Nb4 8. Qb3 Nxd5 9. exd5 Bc8 10. Nf3 Bd6 11. Nxd4 Nf6 12. Qe3+ Qe7 13. Qxe7+ Bxe7 14. Bb5+ Bd7 15. 0-0 Nxd5 16. Bxd7+ Kxd7 17. Nf5 Bf6 18. Rd1 c6 19. Ne3 Ke6 20. Ng4 Rad8 21. Re1+ Kd7 22. Nxf6+ Nxf6 23. Bf4 Rhe8 24. Be3 a6 25. Red1+ Kc8 26. Rxd8+ Rxd8 27. Bb6 Rd2 28. Rb1 Nd5 29. Ba5 Rc2 30. a3 b6 31. Be1 f5 32. b4 Nc3 33. Bxc3 Rxc3 34. a4 Ra3 35. a5 bxa5 36. bxa5 Rxa5 37. g3 Rb5 38. Re1 Kd7 39. Rd1+ Rd5 40. Ra1 a5 41. Kg2 Rb5 42. h4 h5 43. Kf3 Ke6 44. Kf4 Kf6 45. Rd1 Rd5 46. Rb1 a4 47. Rb6 Ra5 48. Rxc6+ Kf7 49. Kg5 a3 50. Rc7+ Kg8 51. Kg6 Ra6+ 52. Kxf5 a2 53. Rc1 a1Q 54. Rxa1 Rxa1 55. Kg6 Ra2 56. f4 Rg2 57. Kxh5 Rxg3 58. f5 Kf7 59. f6 g6+ 60. Kh6 Kxf6 61. h5 Rh3 62. Kh7 Rxh5+ 63. Kg8 Rh6 64. Kf8 Rh8# 0-1